000 00375nam a22001697a 4500
003 UA-OsUOA
001 1172
007 ta
008 20050721b un ||||| |||| 00| 0 ukr d
100 _aCunningham
700 _aS.
942 _cBK
040 _aUA-OsUOA
_cUA-OsUOA
_dUA-OsUOA
245 _aEveryday Listening and Speaking.
_bEnglish Practice
955 _a2
650 7 _2UDC
999 _c287334
_d287334